Työväenpuolueita lippujen mukaan #2 - Statistics

Yleistilastot
  • Tätä visaa on pelattu 15 kertaa
  • Keskiarvotulos 6 / 16
Vastaustilastot
Kuvavisa Vastaus % Oikein
Tšekkoslovakia
83%
Ruotsi
75%
Saksa
75%
Vietnam
67%
Suomi
58%
Norja
42%
Kuuba
33%
Brasilia
25%
Guinea-Bissau
25%
Itävalta
25%
Albania
17%
Espanja
17%
Irlanti
17%
Bangladesh
8%
Tunisia
8%
Moldova
0%
Ehtoja vastaavia visoja ei löytynyt
Tulosjakauma
Jokaisen tuloksen saaneiden osuus
Persentiili vastausten määrän mukaan
Tuloshistoriasi
Et ole pelannut tätä visaa